000 00464nam a2200193Ia 4500
005 20240823043456.0
008 240823s9999||||xx |||||||||||||| ||und||
020 _a81-7179-250-X
041 _aENGLISH
082 _A574.191 P6
100 _aMahajan B K
245 0 _aMethods in Biostatistics
250 _a6th
260 _c2006
_bJaypee Brothers Publica
500 _aTRANSFERED
650 _aBiostatistics
_bMathematics
942 _cBK
999 _c210313
_d210313